[Event "Peterborough 4NCL Easter U1700 op"]
[Site "Peterborough"]
[Date "2024.03.29"]
[Round "1"]
[White "Llewellyn, Nick"]
[Black "Dhingra, Kanvansh"]
[Result "0-1"]
[WhiteElo "705"]
[BlackElo "1609"]
[PlyCount "32"]
[EventDate "2024.03.29"]
[EventType "swiss"]
[EventRounds "7"]
[EventCountry "ENG"]
[SourceTitle "CB14_2024"]
[SourceDate "2024.04.01"]
[SourceVersion "1"]
[SourceVersionDate "2024.04.01"]
[SourceQuality "1"]

1. d4 e6 2. c3 f5 3. Nf3 Nf6 4. Bg5 Be7 5. Nbd2 d6 6. e3 0-0 7. Bd3 Nc6 8. 0-0 e5 9. Nc4 e4 10. Bxf6 Bxf6 11. d5 Ne7 12. Be2 exf3 13. Bxf3 Ng6 14. e4 Ne5 15. Nxe5 Bxe5 16. Re1 Qh4 0-1